000 01150pam a2200289 a 4500
001 1670100
003 OSt
005 20160324154718.0
008 980416s1998 nyua b 001 0 eng
010 _a 98018784
020 _a0814766676 (hbk. : alk. paper)
020 _a0814766684 (pbk. : alk. paper)
040 _aDLC
_cDLC
_dDLC
050 0 0 _aJF51
_b.P42 1998
082 0 0 _a320.3
_221
_bPET 1998
100 1 _aPeters, B. Guy.
_96913
245 1 0 _aComparative politics :
_btheory and methods /
_cB. Guy Peters.
260 _aNew York :
_bNew York University Press,
_c1998.
300 _ax, 262 p. :
_bill. ;
_c23 cm.
504 _aIncludes bibliographical references (p. 227-254) and index.
650 0 _aComparative government.
_97296
856 4 2 _3Contributor biographical information
_uhttp://www.loc.gov/catdir/enhancements/fy0807/98018784-b.html
856 4 2 _3Publisher description
_uhttp://www.loc.gov/catdir/enhancements/fy0807/98018784-d.html
906 _a7
_bcbc
_corignew
_d1
_eocip
_f19
_gy-gencatlg
942 _2ddc
_cSLOAN
999 _c3329
_d3329